banner-ar

الليبرالية المتوحشة ملاحظات حول التوجيهات الجديدة للراسمالية المعاصرة (Record no. 34861)

MARC details
000 -الفاتح
حقل البيانات ثابتة الطول 00444nam a2200133Ia 4500
008 - عناصر البيانات ثابتة الطول - معلومات عامة
حقل البيانات ثابتة الطول 140319s9999 xx 000 0 ara d
040 ## - مصدر الفهرسة
وكالة الفهرسة الأصلية GCL /
وكالة النسخ GCL
082 04 - رقم تصنيف ديوى العشرى
رقم التصنيف 330.122
رقم المادة ر ل
245 10 - بيان العنوان
العنوان الليبرالية المتوحشة ملاحظات حول التوجيهات الجديدة للراسمالية المعاصرة
260 ## - PUBLICATION, DISTRIBUTION, ETC. (IMPRINT)
تاريخ النشر أو التوزيع 1993
300 ## - الوصف المادى
التعداد 327 ص
490 ## - بيان السلسلة
عنوان السلسلة
260 ## - PUBLICATION, DISTRIBUTION, ETC. (IMPRINT)
-- [S.N] :
-- دار المستقبل العربى ،
Holdings
حالة التراجع حالة الفقد حالة تلف ليس للاعارة المكان المؤقت الموقع الحالى تاريخ الاكتساب اجمالي اﻻعارات رقم الطلب الباركود تاريخ اخر مشاهدة تاريخ تفعيل السعر نوع وعاء كوها
        مكتبة القاهرة الكبرى مكتبة القاهرة الكبرى 03/26/2014   330.122\ر ل 84187 03/26/2014 03/26/2014 كتاب
        مكتبة القاهرة الكبرى مكتبة القاهرة الكبرى 03/26/2014   330.122\ر ل 84188 03/26/2014 03/26/2014 كتاب

Powered By

EGPV